MARC

LEADER 00000nam0a2200000 4500
001 137531
005 20240802140716.0
035 |a (RuTPU)RU\TPU\book\149052 
090 |a 137531 
100 |a 20080513d1986 m y0rusy5003 ca 
101 0 |a rus 
102 |a RU 
105 |a a z 000ay 
200 1 |a Викинг; Ганнибал, сын Гамилькара; Рембрандт  |e романы  |f Г. Д. Гулиа  |g худож. Н. Гришин 
210 |a Москва  |c Советский писатель  |d 1986 
215 |d 21 см  |a 512 с.  |c ил. 
600 0 |a Ганнибал  |c карфагенский полководец  |f 247/246-183 до н.э.  |2 stltpush  |3 (RuTPU)RU\TPU\pers\608  |9 284 
600 1 |a Рембрандт  |b Х. Р.  |c голландский живописец  |f 1606-1669  |g Харменс ван Рейн  |2 stltpush  |3 (RuTPU)RU\TPU\pers\10065  |9 2157 
606 1 |a Абхазская литература  |9 29115 
610 1 |a советская литература 
610 1 |a романы 
675 |a 894.611.3  |v 4 
700 1 |a Гулиа  |b Д. И.  |c народный поэт Абхазии  |f 1874-1960  |g Дмитрий Иосифович  |4 070  |9 14884 
702 1 |a Гришин  |b Н.  |g Николай  |4 440 
801 0 |a RU  |b RuMRKP  |c 19950704  |g psbo 
801 1 |a RU  |b 63413507  |c 20080513  |g PSBO 
801 2 |a RU  |b 63413507  |c 20170614  |g PSBO 
942 |c BK